000 00611nam a2200181Ia 4500
003 LDD
008 190117s9999 xx 000 0 und d
020 _c₹12
040 _cLDD
041 _ahi
082 _a8H8.703 अ8266जो
100 _aअज्ञेय, सचिच्दानन्द वात्स्यायन
245 0 _aजोग लिखी
_cसचिच्दानन्द वात्स्यायन अज्ञेय
246 _a Jog likhi
260 _aदिल्ली
_bराजपाल एंड सन्स
_c1977
300 _a200पृ.
942 _2ddc
_cH
999 _c154291
_d154291